On obligations / (Record no. 73)

MARC details
000 -LEADER
fixed length control field 00677cam a2200205 4500
001 - CONTROL NUMBER
control field 86
005 - DATE AND TIME OF LATEST TRANSACTION
control field 20181127160339.0
008 - FIXED-LENGTH DATA ELEMENTS--GENERAL INFORMATION
fixed length control field 991021s2000 enk b 001 0 eng
010 ## - LIBRARY OF CONGRESS CONTROL NUMBER
LC control number 99056114
020 ## - INTERNATIONAL STANDARD BOOK NUMBER
International Standard Book Number 0199240183 (alk. paper)
041 1# - LANGUAGE CODE
Language code of text/sound track or separate title eng
Language code of original lat
100 1# - MAIN ENTRY--PERSONAL NAME
Personal name Cicero, Marcus Tullius.
240 10 - UNIFORM TITLE
Uniform title De officiis.
Language of a work English
245 10 - TITLE STATEMENT
Title On obligations /
Statement of responsibility, etc. Cicero ; translated with an introduction and notes by P.G. Walsh.
260 ## - PUBLICATION, DISTRIBUTION, ETC.
Place of publication, distribution, etc. Oxford ;
-- New York :
Name of publisher, distributor, etc. Oxford University Press,
Date of publication, distribution, etc. 2000.
300 ## - PHYSICAL DESCRIPTION
Extent lx, 218 p. ;
Dimensions 23 cm.
504 ## - BIBLIOGRAPHY, ETC. NOTE
Bibliography, etc. note Includes bibliographical references and index.
650 #0 - SUBJECT ADDED ENTRY--TOPICAL TERM
Topical term or geographic name entry element Ethics
Form subdivision Early works to 1800.
700 1# - ADDED ENTRY--PERSONAL NAME
Personal name Walsh, P. G.
Fuller form of name (Patrick Gerard)
Holdings
Withdrawn status Lost status Source of classification or shelving scheme Damaged status Not for loan Collection code Home library Current library Shelving location Date acquired Serial Enumeration / chronology Inventory number Total Checkouts Full call number Barcode Date last seen Date last checked out Price effective from Koha item type
    Dewey Decimal Classification     Main TEST RTC Library RTC Library Main opac 12/09/2022 3095 1 171 CIC 30002448 13/09/2022 12/09/2022 27/11/2018 Main
Royal Thimphu College || All Right Reserved